Chuyện xưa tích cũ
Sparad:
| Huvudupphovsman: | |
|---|---|
| Materialtyp: | Bok |
| Språk: | Vietnamese |
| Publicerad: |
Tp. Hồ Chí Minh
Nxb.Trẻ
2006
|
| Ämnen: | |
| Taggar: |
Lägg till en tagg
Inga taggar, Lägg till första taggen!
|
| Thư viện lưu trữ: | Mạng thư viện Đại học Đà Nẵng |
|---|
| LEADER | 00999nam a2200313 4500 | ||
|---|---|---|---|
| 001 | 000005924 | ||
| 003 | 2077 | ||
| 005 | 20120510080520.0 | ||
| 008 | 110825s2006 viesd | ||
| 020 | |c 62000 | ||
| 041 | 0 | |a vie | |
| 082 | |a 895.9228 |b SƠ-N | ||
| 100 | 0 | |a Sơn Nam | |
| 245 | 0 | |a Chuyện xưa tích cũ |c Sơn Nam sưu tầm và giới thiệu | |
| 260 | |a Tp. Hồ Chí Minh |b Nxb.Trẻ |c 2006 | ||
| 300 | |a 347 tr. |c 20 cm | ||
| 653 | |a Văn học Việt Nam | ||
| 653 | |a Tạp văn | ||
| 910 | |a Thu Sương |d 25/8/2011 | ||
| OWN | |a LSP | ||
| AVA | |a UDN50 |b LSP |d 895.9228 SƠ-N |e available |t Error 5001 Not defined in file expand_doc_bib_avail. |f 3 |g 1 |h N |i 0 |k 1 | ||
| 999 | |a From the UDN01 | ||
| AVA | |a UDN50 |b LSP |d 895.9228 SƠ-N |e available |t Error 5001 Not defined in file expand_doc_bib_avail. |f 3 |g 1 |h N |i 0 |k 1 | ||
| TYP | |a Monograph | ||
| TYP | |a Printed language | ||
| 980 | |a Mạng thư viện Đại học Đà Nẵng | ||